Flagi nieistniejących już państw - Statystyki

Ogólne statystyki
  • Ten quiz został rozwiązany 139 razy
    122 od ostatniego zresetowania
  • Średni wynik to 8 z 17
Statystyki odpowiedzi
Obrazkowy Odpowiedź % Poprawnych
Związek Radziecki / ZSRR
95%
Czechosłowacja
93%
Imperium Osmańskie
77%
Prusy
65%
Imperium Mongolskie
61%
Rzeczpospolita Obojga Narodów
59%
Cesarstwo Niemieckie
50%
Jugosławia
44%
Dynastia Qing / Qing
41%
Tybet
37%
Zair
37%
Carstwo Rosyjskie
28%
Państwo Zakonu Krzyżackiego / Zakon Krzyżacki / Krzyżacy
26%
Cesarstwo Austriackie
24%
Związek Południowej Afryki
18%
Górna Wolta
9%
Honduras Brytyjski
2%
Nie znaleziono quizów pasujących do podanych kryteriów
Rozkład punktacji
Procent ludzi z każdym wynikiem
Percentyl według liczby udzielonych odpowiedzi
Twoja historia wyników
Nie rozwiązałeś tego quizu od ostatniego zresetowania